000 00374nam a22001217a 4500
999 _c1589
_d1589
005 20200902102115.0
008 200902b ||||| |||| 00| 0 eng d
020 _a0435608517
040 _cCML
245 _aEssentials of Plant Physiology.
_cStrafford, G.A.
260 _aGreat Britain
_bButler and Tanner Ltd
_c1965
942 _2ddc
_cBK
_e1st Edition
_h581
_mSTR